000 00407cam a22001698a 4500
020 _a081514198X
040 _cDLC
082 _a613 MOS 1996 A038 Or.
100 1 _aHahn, Dale B.
245 1 0 _aFocus on health /
250 _a3rd ed.
260 _aSt. Louis, Mo. :
_bMosby Year Book,
_c1996.
300 _axxv, 466 p. :
_bill. ;
_c26 cm.
650 0 _aHealth.
700 1 _aPayne, Wayne A.
942 _cEK
999 _c11828
_d11828